000 00286nam a2200121 i 4500
001 bg
245 0 _aPrace Instytutu Budownictwa i Inżynierii Środowiska.
260 _aRzeszów,
_c1976.
040 _cBPK
041 _apol
942 _cKS
008 s pl f |000 0 pol
999 _c17090
_d17090
856 _uhttp://koha.tu.koszalin.pl/cgi-bin/koha/opac-detail.pl?biblionumber=17090
_yKatalog online BPK